000 00445nam a22001217a 4500
999 _c9977
_d9977
003 OSt
008 201218b ||||| |||| 00| 0 eng d
245 _aIndian Journal of Information Security and Computer
250 _a2016(Jan-Jun Vol.5 No.1) 2017(Jan-Jun Vol.6 No.1, Jul-Dec Vol.6 No.2) 2018(Jan-Jun Vol.7 No.1, Jul-Dec Vol.7 No.2)
260 _aNew Delhi
_bGBS Publishers and Distributors
650 _aInformation Technology
942 _2ddc
_cBV